De la dictadura a la república / Joan Estelrich
Descripción Física:
221 p., [1] f. ; 19'5 cm
MARC
| LEADER | 00000nam a2200000Ia 4500 | ||
|---|---|---|---|
| 001 | 764 | ||
| 008 | 160829s1931 xx 000 0 cat d | ||
| 080 | |a M-2-329 | ||
| 100 | |a Estelrich, Joan |9 24503 | ||
| 245 | |a De la dictadura a la república / Joan Estelrich | ||
| 260 | |a Barcelona : |b Llibreria Catalònia, |c 1931 | ||
| 300 | |a 221 p., [1] f. ; |c 19'5 cm | ||
| 650 | |a Nacionalisme |x Catalunya |x 1923/1930 |9 24504 | ||
| 650 | |a Catalunya |x Història |x 1923/1930, Dictadura de Primo de Rivera |9 24505 | ||
| 650 | |a Catalunya |x Política i govern |x 1923/1930 |9 24506 | ||
| 901 | |a Arxiu | ||
| 942 | |n 1 | ||
| 952 | |0 0 |1 0 |4 0 |6 M2329 |7 1 |9 43188 |a Arxiu |b Arxiu |d 2016-12-01 |l 0 |o M-2-329 |p 764 |r 2016-12-01 00:00:00 |w 2016-12-01 |y ARXIU | ||
| 999 | |c 45732 |d 45732 | ||